| 000 | 00985cam a2200217 4500 | ||
|---|---|---|---|
| 082 | 0 | 0 |
_a625.734 _bHAN _cD |
| 245 | 0 | 0 |
_aHandbook of steel drainage & highway construction products. _cPrepared under direction of the Highway Task Force for Committee of Galvanized Sheet Producers [and] Committee of Hot Rolled and Cold Rolled Sheet and Strip Producers. |
| 250 | _a2d ed. | ||
| 260 |
_aNew York, _bAmerican Iron and Steel Institute, _c1971. |
||
| 300 |
_a348 p. _billus. _c24 cm. |
||
| 526 |
_a0 _b0 _c0 _d625_734000000000000_HAN |
||
| 650 | 0 |
_aCulverts _xHandbooks, manuals, etc. _943668 |
|
| 650 | 0 |
_aDrainage _xHandbooks, manuals, etc. _943669 |
|
| 650 | 0 |
_aMCE _9379 |
|
| 650 | 0 |
_aRoads _xAccessories _xHandbooks, manuals, etc. _943670 |
|
| 650 | 0 |
_aSteel, Structural _xHandbooks, manuals, etc. _938842 |
|
| 710 | 2 |
_aAmerican Iron and Steel Institute. _96043 |
|
| 710 | 2 |
_aAmerican Iron and Steel Institute. _96043 |
|
| 710 | 2 |
_aAmerican Iron and Steel Institute. _96043 |
|
| 942 |
_2ddc _cBK |
||
| 999 |
_c547483 _d547483 |
||